01642nam a2200301 a 450000100100000000500170001000800410002702000180006804000250008608200150011110000420012624500950016826000720026330000210033549000260035649000520038250000710043450000740050550000340057983000340061383000600064795201280070795201280083595201280096395201130109195201190120499900170132300004588120240302073953.0150526s2015 dr 000 0 spa d a9789945582192 aDO-SdBNPbspacBNPHU axxxxbxxxx1 aRosario Candelier, Bruno,d1941-985113aEl aspirar del aire :btemas sociales, culturales y literarios /cBruno Rosario Candelier. aSanto Domingo :bBanco de Central de la Repblica Dominicana,c2015. a508 p. ;c23 cm.1 aArte y literaturav711 aBanco de Central de la Repblica Dominicanav210 aIncluye datos biográficos del autor en la solapa de la cubierta. aIncluye referencias bibliográficas y notas al pie de las páginas. aIncluye índice onomástico 0aArte y literatura.n71973947 0aBanco de Central de la Repblica Dominicana.n210973948 001054708DSaGRbGRcHDd2015-05-26iLF1l0oxxxx xxxxp45881-30r2020-06-25te. 3w2020-06-25yLFDSZPréstamo en sala 001054708DSaGRbGRcHDd2015-07-23iLF1l0oxxxx xxxxp45881-40r2020-06-25te. 4w2020-06-25yLFDSZPréstamo en sala 001054708DSaGRbGRcHDd2015-07-23iLF1l0oxxxx xxxxp45881-50r2020-06-25te. 5w2020-06-25yLFDSZPréstamo en sala 0010718PDaPDbPDcHDd2015-05-26iLF1l0oxxxx xxxxp45881-10r2020-06-25w2020-06-25yLFPDZNo se presta 0010718PDaPDbPDcHDd2015-05-26iLF1l0oxxxx xxxxp45881-20r2020-06-25te. 2w2020-06-25yLFPDZNo se presta c45370d45370